| 000 | 02641cam a22005414i 4500 | ||
|---|---|---|---|
| 003 | PE-LiUPU | ||
| 005 | 20250731180144.0 | ||
| 008 | 150706s pe r 000 0 d | ||
| 035 | _a(Sirsi) a49559 | ||
| 040 |
_aPE-LiUPU _bspa _cPE-LiUPU _erda |
||
| 049 | _aPRUA | ||
| 082 | 0 | 4 |
_a574.5 _bE1 _221 |
| 110 | 2 | _aEmpresa Editora el Comercio | |
| 245 | 1 | 0 |
_aEcología práctica : _bhogar-comunidad-planeta / _cFrancisco Miró Quesada Rada. |
| 264 | 1 |
_aLima : _bEmpresa Editora El Comercio, _c[20 ]. |
|
| 300 |
_asin paginación : _bilustraciones ; _c28 cm. |
||
| 336 |
_atext _2rdacontent |
||
| 337 |
_aunmediated _2rdamedia |
||
| 338 |
_avolume _2rdacarrier |
||
| 500 | _aCompilación de especiales de El Comercio. | ||
| 504 | _aIncluye bibliografía. | ||
| 505 | 0 | _aUna conciencia ecológica -- Calentamiento Global -- ¿Qué es la ecológia? -- El regalo de la biodiversidad -- Especies amenazadas -- Planeta agua -- Impacto del hombre en el aire -- Agua para cuidar -- Contaminación sonora -- Suelo amenazado -- Sostenibilidad: desafío para la industria -- Nosotros y el mundo -- Grandes pequeños cambios -- Diseño ecológico de hogares -- Comida sana y cuidado del planeta -- Reduce, reutiliza y recicla -- Perú: potencia mundial en diversidad biológica -- Conservar para vivir -- País rico y diverso -- Verde esperanza -- Manejo responsable de la fauna silvestre -- Conservación de nuestra riqueza natural -- A lidiar con climas difíciles -- Bosques para siempre -- Huella ecológica -- Energías renovables -- ¿Cómo desplazarnos sin contaminar? -- Tecnología verde -- Los retos del milenio -- Tursimo sostenible y certificaciones -- Manejo de bosques y tierras agrícolas. | |
| 526 | _aSEG44 | ||
| 526 | _aSEG26 | ||
| 526 | _aP159 | ||
| 526 | _aP155 | ||
| 526 | _aP154 | ||
| 526 | _aP153 | ||
| 526 | _aP150 | ||
| 526 | _aP100 | ||
| 526 | _aP31 | ||
| 526 | _aP30 | ||
| 526 | _aP26 | ||
| 526 | _aP25 | ||
| 526 | _aP24 | ||
| 526 | _aP22 | ||
| 526 | _aP15 | ||
| 526 | _aP10 | ||
| 650 | 0 | 4 | _aEcología humana. |
| 700 | 1 |
_aRoca Rey Miró Quesada, Bernardo, _edir. |
|
| 910 |
_bjck _d20110511 |
||
| 942 |
_2ddc _cBOOK |
||
| 949 |
_a574.5 E1 _wDEWEY _c1 _i62890 _lCCODEBUL1 _mBUL _p30.00 _r0 _sY _tLIBRO _u2015-07-06 _xBIBLIOTECA _zUNKNOWN _o.STAFF. Colección General |
||
| 994 |
_aC0 _bPEPRU |
||
| 596 | _a1 | ||
| 999 |
_a574.5 E1 _wDEWEY _c51917 _i62890 _d51917 _e2016-8-14 _f2021-11-9 _g7 _lCCODEBUL1 _mBUL _n13 _p30.00 _r0 _sY _tBOOK _u2015-7-6 _xINGENIERIA _zUNKNOWN _0COMPRA _o.STAFF. Colección Ingeniería y Arquitectura |
||
| 980 |
_81 _gALBERTO SANCHEZ Responsable de Automatización |
||